Представление документа в формате MARC21

Поле Инд. ПП Название Значение
Тип записи a
Библиографический уровень m
001 Контрольный номер UNIDUBNAf3dcbb9d602c44a594fb33c741ee12fe
005 Дата корректировки 20251117081815.6
008 Кодируемые данные 20120409
020 a ISBN 978-5-89847-720-2
040 b Код языка каталог. rus
e Правила каталог. PSBO
041 0_ a Код языка текста rus
084 a Индекс другой классификации/Индекс ББК 22.35в672я431
090 a Полочн. индекс 22.35в672я431
x Авторский знак З-153
245 10 a Заглавие Задачи и методы нейтронных исследований конденсированных сред
c Ответственность Министерство науки и высшего образования Российской Федерации; Государственный университет "Дубна". Инженерно-физический институт; под общей редакцией В. И. Бондарчука
b Продолж. заглавия IV Всероссийская научно-практическая конференция (с международным участием) (Дубна, 11–15 ноября 2024 г.): сборник тезисов докладов
260 a Место издания Дубна
b Издательство Государственный университет "Дубна"
c Дата издания 2024
300 a Объем 52 с.
b Иллюстрации/ тип воспроизводства ил.
336 a Термин вида содержания Текст
337 a Термин типа средства непосредственный + электронный
550 a Факультет/Кафедра/Подразделение Инженерно-физический институт
650 04 a Основная рубрика физика
a Основная рубрика физика конденсированного состояния
653 0_ a Ключевые слова детекторы нейтронов
a Ключевые слова импульсный быстрый реактор периодического действия (ИБР-2)
a Ключевые слова импульсный быстрый реактор периодического действия (ИБР-2М)
a Ключевые слова конденсированные среды
a Ключевые слова малоугловое рассеяние нейтронов
a Ключевые слова мультиферроики
a Ключевые слова нейтронная дифракция
a Ключевые слова нейтронная радиография
a Ключевые слова нейтронная томография
a Ключевые слова нейтронная физика
a Ключевые слова нейтронные исследования
a Ключевые слова Нептун (исследовательский реактор)
a Ключевые слова пористые материалы
a Ключевые слова тепловыделяющие сборки (ТВС)
a Ключевые слова тонкие пленки
a Ключевые слова ядерный синтез
700 1_ a Автор Бондарчук В. И
e Роль лиц редактор
856 40 a Имя сервера/домена Библиотечная система Университета "Дубна"
d Путь http://lib.uni-dubna.ru/MegaPRO/Web
i Указания/сценарий входа Доступ по номеру читательского билета и фамилии читателя
y Справочный текст Электронная версия
900 a Имя электронного ресурса Сборник тезисов_Конф_Задачи и методы_2024
x Справочная информация Полный текст
900 a Имя электронного ресурса obl_978-5-89847-720-2
x Справочная информация Обложка
901 t Тип документа m
952 a Тип литературы для КСУ ВШ НАУ